000 00778nam a22001337a 4500
040 _cRUA
082 _aFOR NEA 2009 B137 Or.1
100 _aNEAK, PHEAROOM.
245 _aEstimating the aboveground biomass of re-growth forest at phnom chumreay in samakymeanchey district kampong chhang province (ការប៉ាន់ស្មានជីវមាសនៅលើដីនៃព្រៃដុះលូតលាស់ឡើងវិញនៅតំបន់ភ្នំជំុរាយស្រុកសាមគ្គីមានជ័យខេត្តកំពង់ឈឆ្នាំង)
260 _aPhnom Penh
_bRUA
_c2009
300 _ax, 41p.
_bill.
_c29cm.
856 _uhttps://drive.google.com/file/d/1LTJB0UeHyJIutp4cDpuv3NKvw31xBm_j/view?usp=sharing
942 _cFOR
999 _c3459
_d3459